000 00507cam a2200157 4500500
005 20260329004520.0
041 _afre
042 _adc
100 1 0 _aRégnier, Quentin
_eauthor
245 0 0 _a“L’Interprétation du rêve” / Sigmund Freud
260 _c2020.
500 _a87
690 _aRêve
786 0 _nPhilosophie magazine | 138 | 4-5 | 2020-04-01 | p. 37-37 | 1951-1787
856 4 1 _uhttps://shs.cairn.info/magazine-philosophie-magazine-2020-4-5-page-37?lang=fr&redirect-ssocas=7080
999 _c1834664
_d1834664